[Event "Friendship Match AZE-TUR Day 3"]
[Site "Mustafa Kemal Atatürk"]
[Date "2020.08.10"]
[Round "1"]
[White "Shak"]
[Black "Dust Tornado"]
[Result "1/2-1/2"]
[WhiteElo "1743"]
[BlackElo "2002"]
[PlyCount "109"]
[EventDate "2020.08.10"]
[EventType "team-tourn (rapid)"]

1. d4 {[%emt 0:00:02]} d5 {[%emt 0:00:01]} 2. c4 {[%emt 0:00:01]} c6 {[%emt 0:00:01]} 3. Nf3 {[%emt 0:00:00]} Nf6 {[%emt 0:00:01]} 4. Nbd2 {[%emt 0:00:03]} Bf5 {[%emt 0:00:07]} 5. Nh4 {[%emt 0:00:04]} Bc8 {[%emt 0:00:06]} 6. Nhf3 {[%emt 0:00:07]} Bf5 {[%emt 0:00:01]} 7. Nh4 {[%emt 0:00:09]} Bc8 {[%emt 0:00:10]} 8. e3 {[%emt 0:00:13]} e6 {[%emt 0:00:11]} 9. Nhf3 {[%emt 0:00:04]} Nbd7 {[%emt 0:00:05]} 10. Bd3 {[%emt 0:00:08]} Bd6 {[%emt 0:00:02]} 11. O-O {[%emt 0:00:03]} O-O {[%emt 0:00:02]} 12. e4 {[%emt 0:00:03]} e5 {[%emt 0:00:02]} 13. cxd5 {[%emt 0:00:05]} cxd5 {[%emt 0:00:01]} 14. Re1 {[%emt 0:00:10]} h6 {[%emt 0:00:08]} 15. b3 {[%emt 0:00:37]} Re8 {[%emt 0:00:57]} 16. Bb2 {[%emt 0:00:32]} exd4 {[%emt 0:00:23]} 17. Bxd4 {[%emt 0:00:03]} dxe4 {[%emt 0:00:21]} 18. Nxe4 {[%emt 0:00:05]} Nxe4 {[%emt 0:00:05]} 19. Bxe4 {[%emt 0:00:02]} Nf6 {[%emt 0:01:22]} 20. Bc2 {[%emt 0:02:32]} Rxe1+ {[%emt 0:01:12]} 21. Qxe1 {[%emt 0:00:00]} Bg4 {[%emt 0:00:15]} 22. Rd1 {[%emt 0:01:40]} Qe7 {[%emt 0:01:04]} 23. Bxf6 {[%emt 0:01:18]} Qxe1+ {[%emt 0:00:17]} 24. Rxe1 {[%emt 0:00:04]} gxf6 {[%emt 0:00:06]} 25. Nh4 {[%emt 0:00:30]} Rd8 {[%emt 0:01:39]} 26. h3 {[%emt 0:00:49]} Be6 {[%emt 0:00:41]} 27. Rd1 {[%emt 0:02:02]} Bc7 {[%emt 0:00:24]} 28. Rxd8+ {[%emt 0:00:08]} Bxd8 {[%emt 0:00:00]} 29. Bf5 {[%emt 0:00:07]} Bd5 {[%emt 0:00:57]} 30. Kf1 {[%emt 0:00:34]} a5 {[%emt 0:00:37]} 31. Bd3 {[%emt 0:00:18]} Be6 {[%emt 0:00:35]} 32. Ke2 {[%emt 0:00:38]} Be7 {[%emt 0:00:36]} 33. Bf5 {[%emt 0:00:53]} Bd5 {[%emt 0:00:09]} 34. Bd3 {[%emt 0:00:40]} Be6 {[%emt 0:00:03]} 35. f4 {[%emt 0:00:07]} b6 {[%emt 0:01:06]} 36. Kf3 {[%emt 0:00:19]} Bd5+ {[%emt 0:01:31]} 37. Kg4 {[%emt 0:00:22]} f5+ {[%emt 0:01:03]} 38. Nxf5 {[%emt 0:00:17]} Be6 {[%emt 0:00:03]} 39. Kh5 {[%emt 0:00:21]} Bxf5 {[%emt 0:00:02]} 40. Bxf5 {[%emt 0:00:00]} Kg7 {[%emt 0:00:01]} 41. Bd3 {[%emt 0:00:04]} Bd6 {[%emt 0:00:06]} 42. g3 {[%emt 0:00:02]} Bc5 {[%emt 0:00:13]} 43. Be4 {[%emt 0:00:04]} Bf2 {[%emt 0:00:03]} 44. Kg4 {[%emt 0:00:01]} Bc5 {[%emt 0:00:02]} 45. Bd5 {[%emt 0:00:02]} Bf2 {[%emt 0:00:03]} 46. h4 {[%emt 0:00:05]} Be1 {[%emt 0:00:04]} 47. Kf3 {[%emt 0:00:07]} f6 {[%emt 0:00:07]} 48. h5 {[%emt 0:00:03]} Bb4 {[%emt 0:00:03]} 49. Ke4 {[%emt 0:00:02]} Be1 {[%emt 0:00:02]} 50. g4 {[%emt 0:00:01]} Bd2 {[%emt 0:00:02]} 51. Kf5 {[%emt 0:00:02]} Bc1 {[%emt 0:00:04]} 52. Bc4 {[%emt 0:00:02]} Bd2 {[%emt 0:00:01]} 53. Bd5 {[%emt 0:00:01]} Bc1 {[%emt 0:00:01]} 54. Bc4 {[%emt 0:00:00]} Bd2 {[%emt 0:00:01]} 55. Bd5 {[%emt 0:00:00] (Lag: Av=0.93s, max=14.5s)} 1/2-1/2

[Event "Friendship Match AZE-TUR Day 3"]
[Site "Mustafa Kemal Atatürk"]
[Date "2020.08.10"]
[Round "1"]
[White "RuznaMamuna"]
[Black "Muisback"]
[Result "1/2-1/2"]
[WhiteElo "1688"]
[BlackElo "1620"]
[Annotator "NA"]
[PlyCount "65"]
[EventDate "2020.08.10"]
[EventType "team-tourn (rapid)"]

1. e4 {[%emt 0:00:03]} c5 {[%emt 0:00:02]} 2. g3 {[%emt 0:00:01]} d5 {[%emt 0:00:27]} 3. exd5 {[%emt 0:00:03]} Qxd5 {[%emt 0:00:01]} 4. Nf3 {[%emt 0:00:01]} Bg4 {[%emt 0:00:00]} 5. Bg2 {[%emt 0:00:01]} Qe6+ {[%emt 0:00:02]} 6. Kf1 {[%emt 0:00:01]} Nc6 {[%emt 0:00:03]} 7. h3 {[%emt 0:00:03]} Bh5 {[%emt 0:00:17]} 8. d3 {[%emt 0:00:03]} Nf6 {[%emt 0:00:08]} 9. Be3 {[%emt 0:00:03]} Qd6 {[%emt 0:00:08]} 10. Na3 {[%emt 0:00:36]} e6 {[%emt 0:00:09]} 11. Nc4 {[%emt 0:00:21]} Qd8 {[%emt 0:00:28]} 12. g4 {[%emt 0:05:50]} Bg6 {[%emt 0:00:03]} 13. Nfe5 {[%emt 0:00:06]} Nd5 {[%emt 0:00:03]} 14. Nxc6 {[%emt 0:00:40]} bxc6 {[%emt 0:00:03]} 15. Bd2 {[%emt 0:02:53]} Bd6 {[%emt 0:02:23]} 16. Qf3 {[%emt 0:00:13]} Bc7 {[%emt 0:00:20]} 17. Re1 {[%emt 0:00:03]} h5 {[%emt 0:01:47]} 18. Ne5 {[%emt 0:00:41]} Bxe5 {[%emt 0:00:08]} 19. Rxe5 {[%emt 0:00:03]} Qb8 {[%emt 0:00:14]} 20. Bc3 {[%emt 0:01:14]} hxg4 {[%emt 0:00:56]} 21. hxg4 {[%emt 0:00:05]} Rxh1+ {[%emt 0:00:02]} 22. Bxh1 {[%emt 0:00:01]} Kd7 {[%emt 0:01:25]} 23. Re1 {[%emt 0:00:16]} f6 {[%emt 0:00:40]} 24. Bg2 {[%emt 0:01:15]} Qf4 {[%emt 0:00:39]} 25. Qxf4 {[%emt 0:00:28]} Nxf4 {[%emt 0:00:02]} 26. Bd2 {[%emt 0:00:16]} Nxg2 {[%emt 0:01:08]} 27. Kxg2 {[%emt 0:00:03]} c4 {[%emt 0:00:00]} 28. dxc4 {[%emt 0:00:05]} Bxc2 {[%emt 0:00:01]} 29. Rc1 {[%emt 0:01:17]} Bg6 {[%emt 0:00:05]} 30. Rd1 {[%emt 0:00:07]} Bc2 {[%emt 0:00:03]} 31. Rc1 {[%emt 0:00:01]} Bg6 {[%emt 0:00:01]} 32. Rd1 {[%emt 0:00:01]} Bc2 {[%emt 0:00:02]} 33. Rc1 {[%emt 0:00:01] (Lag: Av=0.40s, max=0.9s)} 1/2-1/2

[Event "Friendship Match AZE-TUR Day 3"]
[Site "Mustafa Kemal Atatürk"]
[Date "2020.08.10"]
[Round "1"]
[White "VugarAsadli"]
[Black "NormLife"]
[Result "1-0"]
[WhiteElo "1681"]
[BlackElo "1771"]
[Annotator "NA"]
[PlyCount "129"]
[EventDate "2020.08.10"]
[EventType "team-tourn (rapid)"]

1. c4 {[%emt 0:00:02]} c6 {[%emt 0:00:15]} 2. e4 {[%emt 0:00:04]} d5 {[%emt 0:00:02]} 3. exd5 {[%emt 0:00:03]} cxd5 {[%emt 0:00:01]} 4. cxd5 {[%emt 0:00:00] VugarAsadli reconnected.} Nf6 {[%emt 0:00:26]} 5. Nc3 {[%emt 0:00:01]} Nxd5 {[%emt 0:00:53]} 6. Nf3 {[%emt 0:00:02]} Nc6 {[%emt 0:00:20]} 7. Bb5 {[%emt 0:00:02] VugarAsadli reconnected.} e6 {[%emt 0:01:42]} 8. O-O {[%emt 0:00:27] VugarAsadli reconnected.} Nxc3 {[%emt 0:01:08]} 9. bxc3 {[%emt 0:00:02]} Bd7 {[%emt 0:00:23]} 10. d4 {[%emt 0:00:11] VugarAsadli reconnected.} Be7 {[%emt 0:00:42]} 11. Re1 {[%emt 0:00:36]} O-O {[%emt 0:00:07]} 12. Bd3 {[%emt 0:00:33]} Rc8 {[%emt 0:00:24] VugarAsadli reconnected.} 13. Qc2 {[%emt 0:01:12] VugarAsadli reconnected.} g6 {[%emt 0:00:38]} 14. Qe2 {[%emt 0:00:25]} Bf6 {[%emt 0:00:18] VugarAsadli reconnected.} 15. Bf4 {[%emt 0:01:35]} Re8 {[%emt 0:00:30]} 16. Rac1 {[%emt 0:01:34] VugarAsadli reconnected. VugarAsadli reconnected. VugarAsadli reconnected.} Ne7 {[%emt 0:01:41] VugarAsadli reconnected.} 17. Ne5 {[%emt 0:00:05] VugarAsadli reconnected.} Nd5 {[%emt 0:00:41]} 18. Bd2 {[%emt 0:00:14]} Bxe5 {[%emt 0:00:20] VugarAsadli reconnected.} 19. dxe5 {[%emt 0:00:44]} Bc6 {[%emt 0:00:14]} 20. c4 {[%emt 0:00:25] VugarAsadli reconnected. VugarAsadli reconnected.} Nb6 {[%emt 0:00:36] VugarAsadli reconnected.} 21. Qe3 {[%emt 0:00:11]} Qh4 {[%emt 0:00:14]} 22. Bf1 {[%emt 0:01:14]} Rcd8 {[%emt 0:00:36]} 23. Bb4 {[%emt 0:00:46] VugarAsadli reconnected.} Rd7 {[%emt 0:01:28]} 24. Bd6 {[%emt 0:01:44]} Nc8 {[%emt 0:00:34]} 25. c5 {[%emt 0:00:39]} Qd8 {[%emt 0:00:06]} 26. Qa3 {[%emt 0:00:29]} a6 {[%emt 0:00:15] VugarAsadli reconnected.} 27. Rc3 {[%emt 0:00:10]} Ne7 {[%emt 0:01:04]} 28. Rh3 {[%emt 0:00:03]} Nf5 {[%emt 0:00:06]} 29. Qc1 {[%emt 0:00:02]} h5 {[%emt 0:00:25]} 30. Bd3 {[%emt 0:00:15]} Kg7 {[%emt 0:00:25] VugarAsadli reconnected.} 31. Qc3 {[%emt 0:00:05]} Kg8 {[%emt 0:00:21]} 32. Qd2 {[%emt 0:01:03]} Kg7 {[%emt 0:00:04]} 33. Bb1 {[%emt 0:00:45]} b6 {[%emt 0:00:12]} 34. Bxf5 {[%emt 0:00:05]} exf5 {[%emt 0:00:04]} 35. Qc3 {[%emt 0:00:40] VugarAsadli reconnected.} Re6 {[%emt 0:00:07]} 36. cxb6 {[%emt 0:00:17]} Qxb6 {[%emt 0:00:01]} 37. Rd3 {[%emt 0:00:01]} Qb7 {[%emt 0:00:15]} 38. f3 {[%emt 0:00:11]} Bb5 {[%emt 0:00:01]} 39. Rdd1 {[%emt 0:00:03]} Qc6 {[%emt 0:00:08]} 40. Qe3 {[%emt 0:00:07]} Qc8 {[%emt 0:00:14]} 41. h4 {[%emt 0:00:06]} Kh7 {[%emt 0:00:08]} 42. Rc1 {[%emt 0:00:06]} Qd8 {[%emt 0:00:01]} 43. Qd4 {[%emt 0:00:10]} Rb7 {[%emt 0:00:13]} 44. Rc5 {[%emt 0:00:12]} Qa5 {[%emt 0:00:10]} 45. Rec1 {[%emt 0:00:02]} Qxa2 {[%emt 0:00:02]} 46. Qf4 {[%emt 0:00:08]} Re8 {[%emt 0:00:09]} 47. Rc7 {[%emt 0:00:19]} Rxc7 {[%emt 0:00:01]} 48. Rxc7 {[%emt 0:00:00]} Qe6 {[%emt 0:00:05] NormLife beraberlik teklif ediyor} 49. Qc1 {[%emt 0:00:03]} Bd7 {[%emt 0:00:04]} 50. Ra7 {[%emt 0:00:12]} Rc8 {[%emt 0:00:03]} 51. Qg5 {[%emt 0:00:01]} Kg8 {[%emt 0:00:06]} 52. Rxa6 {[%emt 0:00:07]} Bb5 {[%emt 0:00:06]} 53. Ra7 {[%emt 0:00:03]} Qc4 {[%emt 0:00:07]} 54. Kh2 {[%emt 0:00:10]} Qe6 {[%emt 0:00:05]} 55. Re7 {[%emt 0:00:02]} Qd5 {[%emt 0:00:03]} 56. Qf6 {[%emt 0:00:16]} Bf1 {[%emt 0:00:07]} 57. Bb4 {[%emt 0:00:30]} Qa2 {[%emt 0:00:02]} 58. Bd2 {[%emt 0:00:02]} Rf8 {[%emt 0:00:15]} 59. Qg5 {[%emt 0:00:01]} Bc4 {[%emt 0:00:03]} 60. Qf4 {[%emt 0:00:02]} Be6 {[%emt 0:00:01]} 61. Qg5 {[%emt 0:00:01]} Qb2 {[%emt 0:00:05]} 62. Bf4 {[%emt 0:00:01]} Bc4 {[%emt 0:00:02]} 63. Rc7 {[%emt 0:00:11]} Be6 {[%emt 0:00:03]} 64. Qf6 {[%emt 0:00:02]} Qb6 {[%emt 0:00:16]} 65. Bh6 {[%emt 0:00:04] NormLife terk eder (Lag: Av=0.37s, max=0.8s)} 1-0

[Event "Friendship Match AZE-TUR Day 3"]
[Site "Mustafa Kemal Atatürk"]
[Date "2020.08.10"]
[Round "1"]
[White "Mammadzada"]
[Black "EkaterinaAtalik"]
[Result "1-0"]
[WhiteElo "1673"]
[BlackElo "1551"]
[Annotator "NA"]
[PlyCount "101"]
[EventDate "2020.08.10"]
[EventType "team-tourn (rapid)"]

1. e4 {[%emt 0:00:05]} c6 {[%emt 0:00:06]} 2. d4 {[%emt 0:00:03]} d5 {[%emt 0:00:01]} 3. Nc3 {[%emt 0:00:04]} dxe4 {[%emt 0:00:01]} 4. Nxe4 {[%emt 0:00:01]} Bf5 {[%emt 0:00:00]} 5. Ng3 {[%emt 0:00:01]} Bg6 {[%emt 0:00:01]} 6. h4 {[%emt 0:00:09]} h6 {[%emt 0:00:02]} 7. Nf3 {[%emt 0:00:01]} e6 {[%emt 0:00:02]} 8. Ne5 {[%emt 0:00:02]} Bh7 {[%emt 0:00:02]} 9. Bd3 {[%emt 0:00:01]} Bxd3 {[%emt 0:00:02]} 10. Qxd3 {[%emt 0:00:00]} Nd7 {[%emt 0:00:02]} 11. Qe2 {[%emt 0:00:02]} Ngf6 {[%emt 0:00:03]} 12. Bd2 {[%emt 0:00:02]} Be7 {[%emt 0:00:01]} 13. O-O-O {[%emt 0:00:03]} O-O {[%emt 0:00:02]} 14. Kb1 {[%emt 0:00:01]} a5 {[%emt 0:00:02]} 15. Nf1 {[%emt 0:01:53]} a4 {[%emt 0:01:36]} 16. g4 {[%emt 0:03:53]} a3 {[%emt 0:00:03]} 17. b3 {[%emt 0:03:49]} Nxe5 {[%emt 0:01:19]} 18. dxe5 {[%emt 0:00:56]} Qd4 {[%emt 0:00:09]} 19. c3 {[%emt 0:00:24]} Qxg4 {[%emt 0:00:25]} 20. Re1 {[%emt 0:01:28]} Qxe2 {[%emt 0:00:40]} 21. Rxe2 {[%emt 0:00:00]} Nh5 {[%emt 0:00:05]} 22. Kc2 {[%emt 0:00:36]} Kh7 {[%emt 0:00:08]} 23. Ng3 {[%emt 0:00:45]} Nxg3 {[%emt 0:00:04]} 24. fxg3 {[%emt 0:00:00]} Rad8 {[%emt 0:00:08]} 25. Rf1 {[%emt 0:00:04]} h5 {[%emt 0:00:15]} 26. Rf3 {[%emt 0:00:13]} b5 {[%emt 0:00:14]} 27. Bc1 {[%emt 0:00:39]} Kg6 {[%emt 0:00:41]} 28. b4 {[%emt 0:00:09]} Rd5 {[%emt 0:00:04]} 29. Bxa3 {[%emt 0:00:14]} Ra8 {[%emt 0:00:08]} 30. Kb3 {[%emt 0:00:17]} Rad8 {[%emt 0:00:04]} 31. Kc2 {[%emt 0:00:45]} Ra8 {[%emt 0:00:58]} 32. Kb3 {[%emt 0:00:02]} Rd1 {[%emt 0:00:53]} 33. Bb2 {[%emt 0:00:10]} Rad8 {[%emt 0:00:07]} 34. Kc2 {[%emt 0:00:03]} R8d7 {[%emt 0:00:04]} 35. Bc1 {[%emt 0:00:14]} Bd8 {[%emt 0:00:23]} 36. Be3 {[%emt 0:00:40]} Bc7 {[%emt 0:00:09]} 37. Bd4 {[%emt 0:00:03]} Ra1 {[%emt 0:00:19]} 38. Kb2 {[%emt 0:00:01]} Rh1 {[%emt 0:00:02]} 39. Kb3 {[%emt 0:00:18]} Bd8 {[%emt 0:00:16] '} 40. a4 {[%emt 0:00:02]} Rh3 {[%emt 0:00:04]} 41. Ref2 {[%emt 0:00:05]} bxa4+ {[%emt 0:00:21]} 42. Kxa4 {[%emt 0:00:00]} Rh1 {[%emt 0:00:02]} 43. Rf1 {[%emt 0:00:03]} Rxf1 {[%emt 0:00:05]} 44. Rxf1 {[%emt 0:00:00]} f5 {[%emt 0:00:05]} 45. Kb3 {[%emt 0:00:11]} Kf7 {[%emt 0:00:04]} 46. Rh1 {[%emt 0:00:11]} g5 {[%emt 0:00:05]} 47. hxg5 {[%emt 0:00:02]} Kg6 {[%emt 0:00:01]} 48. Kc4 {[%emt 0:00:04]} Rd5 {[%emt 0:00:37]} 49. Ra1 {[%emt 0:00:07]} f4 {[%emt 0:01:10]} 50. gxf4 {[%emt 0:00:02]} h4 {[%emt 0:00:01]} 51. Rh1 {[%emt 0:00:02] (Lag: Av=0.38s, max=0.6s)} 1-0

[Event "Friendship Match AZE-TUR Day 3"]
[Site "Mustafa Kemal Atatürk"]
[Date "2020.08.10"]
[Round "1"]
[White "Silacglr04"]
[Black "Gul91"]
[Result "1/2-1/2"]
[WhiteElo "1532"]
[BlackElo "1698"]
[Annotator "NA"]
[PlyCount "160"]
[EventDate "2020.08.10"]
[EventType "team-tourn (rapid)"]

1. e4 {[%emt 0:00:05]} e6 {[%emt 0:00:02]} 2. d4 {[%emt 0:00:02]} d5 {[%emt 0:00:02]} 3. Nd2 {[%emt 0:00:01]} Be7 {[%emt 0:00:02]} 4. Ngf3 {[%emt 0:00:04]} Nf6 {[%emt 0:00:02]} 5. Bd3 {[%emt 0:00:02]} c5 {[%emt 0:00:05]} 6. c3 {[%emt 0:00:02]} cxd4 {[%emt 0:00:56]} 7. cxd4 {[%emt 0:00:00]} dxe4 {[%emt 0:00:02]} 8. Nxe4 {[%emt 0:00:02]} Bd7 {[%emt 0:00:16]} 9. O-O {[%emt 0:00:42]} Nxe4 {[%emt 0:00:14]} 10. Bxe4 {[%emt 0:00:00]} Bc6 {[%emt 0:00:01]} 11. Bc2 {[%emt 0:00:24]} Nd7 {[%emt 0:00:38]} 12. Re1 {[%emt 0:02:12]} Rc8 {[%emt 0:00:29]} 13. Bb3 {[%emt 0:02:36]} O-O {[%emt 0:00:46]} 14. d5 {[%emt 0:01:18]} exd5 {[%emt 0:00:26]} 15. Bxd5 {[%emt 0:00:03]} Bxd5 {[%emt 0:00:39]} 16. Qxd5 {[%emt 0:00:00]} Nc5 {[%emt 0:00:05]} 17. Qxd8 {[%emt 0:02:31]} Bxd8 {[%emt 0:00:05]} 18. Be3 {[%emt 0:00:47]} Bf6 {[%emt 0:01:22]} 19. Bd4 {[%emt 0:00:41]} Bxd4 {[%emt 0:00:12]} 20. Nxd4 {[%emt 0:00:00]} Na4 {[%emt 0:01:04]} 21. Re7 {[%emt 0:01:22]} Rcd8 {[%emt 0:02:49]} 22. Nf3 {[%emt 0:00:22]} Rb8 {[%emt 0:00:47]} 23. b3 {[%emt 0:00:57]} Nc3 {[%emt 0:00:12]} 24. Rc1 {[%emt 0:00:31]} Rfc8 {[%emt 0:00:59]} 25. Kf1 {[%emt 0:00:42]} Nxa2 {[%emt 0:00:59]} 26. Rxc8+ {[%emt 0:00:06]} Rxc8 {[%emt 0:00:00]} 27. Rxb7 {[%emt 0:00:03]} a5 {[%emt 0:00:07]} 28. Ng5 {[%emt 0:00:40]} Rf8 {[%emt 0:00:34]} 29. Ra7 {[%emt 0:00:21]} Nc1 {[%emt 0:00:08]} 30. Rxa5 {[%emt 0:00:04]} Nxb3 {[%emt 0:00:02]} 31. Ra7 {[%emt 0:00:01]} Nd4 {[%emt 0:00:16]} 32. Rd7 {[%emt 0:00:17]} Nc6 {[%emt 0:00:17]} 33. g3 {[%emt 0:00:18]} h6 {[%emt 0:00:05]} 34. Nf3 {[%emt 0:00:04]} Re8 {[%emt 0:00:23]} 35. Rc7 {[%emt 0:00:12]} Re6 {[%emt 0:00:12]} 36. h4 {[%emt 0:00:13]} g6 {[%emt 0:00:32]} 37. Kg2 {[%emt 0:00:10]} Kg7 {[%emt 0:00:02]} 38. g4 {[%emt 0:00:05]} Nb4 {[%emt 0:00:23]} 39. Kg3 {[%emt 0:00:05]} Nd5 {[%emt 0:00:04]} 40. Rc5 {[%emt 0:00:10]} Nf6 {[%emt 0:00:02]} 41. Rc4 {[%emt 0:00:04]} Ra6 {[%emt 0:00:11]} 42. g5 {[%emt 0:00:07]} Nh5+ {[%emt 0:00:07]} 43. Kg2 {[%emt 0:00:05] Silacglr04 beraberlik teklif ediyor} hxg5 {[%emt 0:00:19]} 44. hxg5 {[%emt 0:00:03]} Ra5 {[%emt 0:00:06]} 45. Rg4 {[%emt 0:00:08]} Kf8 {[%emt 0:00:17]} 46. Re4 {[%emt 0:00:05]} Rf5 {[%emt 0:00:05]} 47. Ra4 {[%emt 0:00:06]} Kg7 {[%emt 0:00:11]} 48. Rg4 {[%emt 0:00:03]} Nf4+ {[%emt 0:00:03]} 49. Kg3 {[%emt 0:00:01]} Ne6 {[%emt 0:00:05]} 50. Kg2 {[%emt 0:00:05]} Kf8 {[%emt 0:00:03]} 51. Kg3 {[%emt 0:00:03]} Ke7 {[%emt 0:00:02]} 52. Nd4 {[%emt 0:00:05]} Rxg5 {[%emt 0:00:32]} 53. Rxg5 {[%emt 0:00:11]} Nxg5 {[%emt 0:00:02]} 54. f4 {[%emt 0:00:01]} Ne6 {[%emt 0:00:04]} 55. Nf3 {[%emt 0:00:06]} Kf6 {[%emt 0:00:02]} 56. Ne5 {[%emt 0:00:02]} Ng7 {[%emt 0:00:05]} 57. Ng4+ {[%emt 0:00:02]} Ke6 {[%emt 0:00:02]} 58. Kf3 {[%emt 0:00:01]} Nh5 {[%emt 0:00:08]} 59. Ne3 {[%emt 0:00:13]} Nf6 {[%emt 0:00:20]} 60. Ng2 {[%emt 0:00:06]} Nd5 {[%emt 0:00:03]} 61. Nh4 {[%emt 0:00:03]} Kf6 {[%emt 0:00:09]} 62. Ng2 {[%emt 0:00:02]} Kg7 {[%emt 0:00:01]} 63. Ke4 {[%emt 0:00:02]} Ne7 {[%emt 0:00:03]} 64. Ne3 {[%emt 0:00:02]} f6 {[%emt 0:00:09]} 65. Nc4 {[%emt 0:00:05]} Nf5 {[%emt 0:00:04]} 66. Nb6 {[%emt 0:00:05]} Kf7 {[%emt 0:00:07]} 67. Nd5 {[%emt 0:00:05]} Nd6+ {[%emt 0:00:03]} 68. Kf3 {[%emt 0:00:03]} Ke6 {[%emt 0:00:08]} 69. Ne3 {[%emt 0:00:03]} Nf5 {[%emt 0:00:05]} 70. Ng4 {[%emt 0:00:17]} Nd4+ {[%emt 0:00:04]} 71. Ke3 {[%emt 0:00:01]} Nc6 {[%emt 0:00:06]} 72. Kf3 {[%emt 0:00:03]} Ne7 {[%emt 0:00:03]} 73. Ne3 {[%emt 0:00:02]} Ng8 {[%emt 0:00:06]} 74. Ke4 {[%emt 0:00:09]} Nh6 {[%emt 0:00:04]} 75. f5+ {[%emt 0:00:15]} gxf5+ {[%emt 0:00:16]} 76. Kf4 {[%emt 0:00:01]} Ng4 {[%emt 0:00:10]} 77. Nxf5 {[%emt 0:00:03]} Ne5 {[%emt 0:00:01]} 78. Ng7+ {[%emt 0:00:02]} Kf7 {[%emt 0:00:02]} 79. Nh5 {[%emt 0:00:01]} Kg6 {[%emt 0:00:04]} 80. Nxf6 {[%emt 0:00:01]} Kxf6 {[%emt 0:00:00] (Lag: Av=0.52s, max=1.6s)} 1/2-1/2

[Event "Friendship Match AZE-TUR Day 3"]
[Site "Mustafa Kemal Atatürk"]
[Date "2020.08.10"]
[Round "1"]
[White "Eceozbaay"]
[Black "Xanim"]
[Result "0-1"]
[WhiteElo "1448"]
[BlackElo "1620"]
[Annotator "NA"]
[PlyCount "70"]
[EventDate "2020.08.10"]
[EventType "team-tourn (rapid)"]

1. e4 {[%emt 0:00:02]} c6 {[%emt 0:00:01]} 2. Nc3 {[%emt 0:00:05]} d5 {[%emt 0:00:02]} 3. Nf3 {[%emt 0:00:01]} dxe4 {[%emt 0:00:04]} 4. Nxe4 {[%emt 0:00:02]} Nf6 {[%emt 0:00:01]} 5. Nxf6+ {[%emt 0:00:04]} exf6 {[%emt 0:00:01]} 6. Be2 {[%emt 0:00:01]} Bd6 {[%emt 0:00:01]} 7. O-O {[%emt 0:00:02]} O-O {[%emt 0:00:08]} 8. d4 {[%emt 0:00:06]} Re8 {[%emt 0:00:02]} 9. Be3 {[%emt 0:00:09]} Nd7 {[%emt 0:00:06]} 10. c3 {[%emt 0:00:40]} Nf8 {[%emt 0:00:02]} 11. Qc2 {[%emt 0:00:28]} Ng6 {[%emt 0:00:50]} 12. g3 {[%emt 0:00:47]} Bg4 {[%emt 0:01:45]} 13. Rfe1 {[%emt 0:02:57]} h5 {[%emt 0:00:06]} 14. Nd2 {[%emt 0:03:06]} Qd7 {[%emt 0:02:54]} 15. Bd3 {[%emt 0:01:35]} f5 {[%emt 0:03:22]} 16. f3 {[%emt 0:02:17]} Bh3 {[%emt 0:00:20]} 17. f4 {[%emt 0:00:02]} f6 {[%emt 0:01:05]} 18. Nf3 {[%emt 0:00:27]} Re7 {[%emt 0:00:32]} 19. Kf2 {[%emt 0:00:19]} Bg4 {[%emt 0:00:23]} 20. Kg2 {[%emt 0:02:43]} Rae8 {[%emt 0:00:08]} 21. Bd2 {[%emt 0:00:17]} h4 {[%emt 0:00:56]} 22. Rxe7 {[%emt 0:00:10]} Rxe7 {[%emt 0:00:04]} 23. Re1 {[%emt 0:00:06]} Rxe1 {[%emt 0:00:23]} 24. Nxe1 {[%emt 0:00:11]} hxg3 {[%emt 0:00:47]} 25. hxg3 {[%emt 0:00:06]} Kf8 {[%emt 0:00:17]} 26. Nf3 {[%emt 0:00:04]} Bb8 {[%emt 0:00:21]} 27. Nh2 {[%emt 0:00:07]} Qd5+ {[%emt 0:00:04]} 28. Kf2 {[%emt 0:00:24]} Ne7 {[%emt 0:00:23]} 29. Nxg4 {[%emt 0:00:06]} fxg4 {[%emt 0:00:01]} 30. Be2 {[%emt 0:00:03]} f5 {[%emt 0:00:03]} 31. b3 {[%emt 0:00:05]} Qh1 {[%emt 0:00:03]} 32. Be1 {[%emt 0:00:04]} g6 {[%emt 0:00:16]} 33. Qd3 {[%emt 0:00:05]} Nd5 {[%emt 0:00:03]} 34. c4 {[%emt 0:00:04]} Nf6 {[%emt 0:00:07]} 35. Qe3 {[%emt 0:00:05]} Ne4+ {[%emt 0:00:03] Eceozbaay Terk (Lag: Av=0.38s, max=0.5s)} 0-1